1129 1022 1133 1078 1951 1537 1609 1954 1533 1920 1945 1836 1041 1783 1635 1818 1003 1304 1427 1966 1572 1816 1087 1813 1745 1374 1312 1553 1019 1335 1263 1418 1993 1402 1105 1797 1872 1859 1382 1578 1403 1816 1162 1068 1704 1836 1555 1232 1977 1967 1002 1760 1376 1833 1289 1884 1363 1406 1067 1707 1878 1738 1797 1979 1605 1857 1709 1481 1234 1843 1724 1215 1426 1612 1096 1264 1862 1406 1972 1432 1330 1183 1906 1122 1978 1664 1691 1788 1502 1610 1720 1572 1876 1240 1363 1424 1962 1731 1271 BCNSPRNW ULIB Ver.6.0+V

เปลี่ยนเป็นภาษาไทย

Change to English
 แสดงรายละเอียดบรรณานุกรม
  กลับหน้าหลัก

Brief Record : Get Marc (ISO 2709) : E-mail record : QR code < ปิดหน้าต่าง
LEADER : 00000nam 2200000uu 4500
001    13399111042
003     ULIB
008    110615s2543||||th 000 0 tha d
020    9745717495
050  4 BF128.T35^bจ342จ 2543
245 00 จิตวิทยาทั่วไป /^cคณะผู้เขียน, จิราภา เต็งไตรรัตน์ ...[และคนอื่นๆ]
250    พิมพ์ครั้งที่ 2
260    กรุงเทพฯ :^bภาควิชาจิตวิทยา คณะศิลปศาสตร์มหาวิทยาลัยธรรมศาสตร์,^c2543
300    353 หน้า :^bภาพประกอบ ;^c26 ซม.
650  7 การปรับตัว
650  7 จิตวิทยา
650  7 บุคลิกภาพ
650  7 อารมณ์^xจิตวิทยา
700 0  จิราภา เต็งไตรรัตน์
710 2  มหาวิทยาลัยธรรมศาสตร์. ^bคณะศิลปศาสตร์. ^bภาควิชาจิตวิทยา
945    ^p280^l0^i014678
945    ^p280^l0^i014677
945    ^p280^l0^i014679
995    ทศพร
999 ^a ใช้งานได้ทุกระบบ
รายการนี้ยังไม่มีแท็ก
คุณยังไม่ได้ล็อกอิน คุณสามารถมีกิจกรรมร่วมกับเว็บไซต์ได้ แต่ต้องล็อกอินก่อน ::
  ล็อกอิน

รายการสื่อสารสนเทศ

ลำดับที่ ประเภท เลขเรียก/บาร์โค้ด สถานที่ สถานะ
- ไม่พบข้อมูล -

รายการใกล้เคียง
    หัวเรื่อง [การปรับตัว]
    หัวเรื่อง [จิตวิทยา]
    หัวเรื่อง [บุคลิกภาพ]

BibComment


ยังไม่เคยถูกคอมเมนท์

คอมเมนท์ทรัพยากรรายการนี้
  คอมเมนท์: จิตวิทยาทั่วไป ค..


 Copyright 2026. Bcnsprnw @Library